000 00361nam a2200145Ia 4500
008 231217s9999 xx 000 0 und d
041 _aEnglish
082 _a001.6424JAV TRE `R'
100 _aTremblett, Paul
245 0 _aInstant Java server pages
260 _c1999
_bNew Delhi : TMH,
300 _axiii+507
650 _aJava Java server
942 _cAA
999 _c167409
_d167409